[Event "ARG-chT"]
[Site "Villa Martelli"]
[Date "2018.07.21"]
[Round "3.3"]
[White "Villca, Julian"]
[Black "Leal, Jorge Augusto"]
[Result "1-0"]
[WhiteElo "2318"]
[BlackElo "2079"]
[PlyCount "63"]
[EventDate "2018.07.07"]
[EventType "team-swiss"]
[EventRounds "9"]
[EventCountry "ARG"]
[SourceTitle "CBM 187 Extra"]
[Source "ChessBase"]
[SourceDate "2018.11.04"]
[SourceVersion "1"]
[SourceVersionDate "2018.11.04"]
[SourceQuality "1"]
[WhiteTeam "Ferro Carril Oeste"]
[BlackTeam "Mar del Plata"]
[WhiteTeamCountry "ARG"]
[BlackTeamCountry "ARG"]

1. c4 Nf6 2. g3 e6 3. b3 d5 4. Nf3 Be7 5. Bg2 c5 6. 0-0 Nc6 7. cxd5 exd5 8. d4 0-0 9. Bb2 Ne4 10. dxc5 Bxc5 11. e3 Be6 12. Nc3 h6 13. Rc1 Be7 14. Ne2 Bf6 15. Nfd4 Nxd4 16. Nxd4 Rc8 17. Ba3 Re8 18. Nxe6 fxe6 19. Qg4 Rxc1 20. Rxc1 Qa5 21. Bxe4 Qxa3 22. Rc8 Qe7 23. Rxe8+ Qxe8 24. Bd3 e5 25. Bg6 Qc6 26. Bf5 d4 27. Be4 Qd6 28. Qc8+ Bd8 29. Qxb7 dxe3 30. Bd5+ Kh8 31. Qf7 exf2+ 32. Kf1 1-0

[Event "ARG-chT ART Semillero U21"]
[Site "Villa Martelli"]
[Date "2018.06.02"]
[Round "1.2"]
[White "Robles Medina, Gabriel"]
[Black "Leal, Jorge Augusto"]
[Result "0-1"]
[WhiteElo "1552"]
[BlackElo "2079"]
[PlyCount "106"]
[EventDate "2018.06.02"]
[EventType "team-swiss"]
[EventRounds "6"]
[EventCountry "ARG"]
[SourceTitle "EXT 2019"]
[Source "ChessBase"]
[SourceDate "2018.10.10"]
[SourceVersion "1"]
[SourceVersionDate "2018.10.10"]
[SourceQuality "1"]
[WhiteTeam "Mar del Plata U21"]
[BlackTeam "Republica Martelli U21"]
[WhiteTeamCountry "ARG"]
[BlackTeamCountry "ARG"]

1. e4 e5 2. Nf3 Nc6 3. Bc4 Bc5 4. 0-0 Nf6 5. d3 d6 6. Bg5 h6 7. Bh4 Bg4 8. c3 Qd7 9. a4 a6 10. Nbd2 g5 11. Bg3 Nh5 12. Kh1 Nf4 13. Bxf4 gxf4 14. b4 Bb6 15. Qb3 Rg8 16. a5 Ba7 17. b5 axb5 18. Bxb5 Ke7 19. Qb2 Bxf3 20. Nxf3 Rxg2 21. Nh4 Rxh2+ 22. Kxh2 Qg4 23. Nf5+ Kf6 24. Rg1 Qh5+ 25. Kg2 Rg8+ 26. Kf1 Rxg1+ 27. Kxg1 f3 28. d4 exd4 29. Bxc6 Qh3 30. e5+ dxe5 31. Bxf3 Qxf3 32. Ng3 dxc3 33. Qe2 Qxg3+ 34. Kf1 Qf4 35. Rd1 h5 36. Rd3 Qc1+ 37. Kg2 Qg5+ 38. Rg3 Qd2 39. Qxd2 cxd2 40. Rd3 Bc5 41. Rxd2 Bb4 42. Rb2 Bxa5 43. Rxb7 Kf5 44. Rb3 c5 45. Rf3+ Ke4 46. Rxf7 c4 47. Ra7 Bd2 48. Ra4 Kd3 49. Ra8 c3 50. Rd8+ Ke2 51. Rd5 c2 52. Rxe5+ Kd3 53. Rc5 Bc3 0-1

[Event "ARG-ch Amateur U2300"]
[Site "Torre Blanca"]
[Date "2016.12.08"]
[Round "1.12"]
[White "Leal, Jorge Augusto"]
[Black "Surgen, Marcos"]
[Result "1-0"]
[WhiteElo "2132"]
[BlackElo "1995"]
[PlyCount "130"]
[EventDate "2016.12.08"]
[EventType "swiss"]
[EventRounds "8"]
[EventCountry "ARG"]
[SourceTitle "EXT 2024"]
[Source "ChessBase"]
[SourceDate "2023.10.10"]
[SourceVersion "1"]
[SourceVersionDate "2023.10.10"]
[SourceQuality "1"]

1. d4 d5 2. Nf3 Nf6 3. g3 Bf5 4. Bg2 e6 5. 0-0 Bd6 6. c4 c6 7. Nc3 Nbd7 8. Nh4 Bg6 9. Bg5 Qa5 10. Bd2 Qa6 11. c5 Bc7 12. Re1 b6 13. Nxg6 hxg6 14. e4 Nxe4 15. Nxe4 dxe4 16. Bxe4 bxc5 17. Qf3 0-0 18. Bxc6 Rad8 19. Bg5 cxd4 20. Bxd8 Rxd8 21. Bxd7 Rxd7 22. Rac1 Bb6 23. Qc6 Rd8 24. Qc4 Qb7 25. b4 Qf3 26. Qe2 Qa3 27. Rb1 Rc8 28. Rb3 Qa4 29. Qd2 Rc3 30. Rxc3 dxc3 31. Qxc3 Qxa2 32. Rf1 Qd5 33. Rc1 Qd4 34. Qxd4 Bxd4 35. Kf1 Kf8 36. Rc7 g5 37. Ke2 g6 38. f3 Kg7 39. Rd7 Bb6 40. Kd3 Kf6 41. h3 e5 42. Rd6+ Ke7 43. Rc6 Kd7 44. b5 Bf2 45. g4 Bg1 46. Ke4 Bd4 47. Kd5 Bb2 48. Rc2 Bd4 49. Ra2 Kc7 50. Ra6 Kd7 51. Rd6+ Ke7 52. Kc6 Be3 53. Kd5 Bb6 54. Rc6 f6 55. Re6+ Kf7 56. Kd6 Bc5+ 57. Kd7 Bb4 58. Re8 Bc5 59. Rc8 Bb6 60. Kd6 Ba5 61. Rb8 Bb6 62. Rb7+ Kf8 63. Ke6 Bd4 64. Rf7+ Kg8 65. Rxf6 e4 1-0

[Event "ARG-chT"]
[Site "Villa Martelli"]
[Date "2016.11.05"]
[Round "7.2"]
[White "Leal, Jorge Augusto"]
[Black "Mareco, Sandro"]
[Result "0-1"]
[WhiteElo "2088"]
[BlackElo "2606"]
[PlyCount "56"]
[EventDate "2016.09.24"]
[EventType "team-swiss"]
[EventRounds "9"]
[EventCountry "ARG"]
[SourceTitle "EXT 2018"]
[Source "ChessBase"]
[SourceDate "2017.10.13"]
[SourceVersion "1"]
[SourceVersionDate "2017.10.13"]
[SourceQuality "1"]
[WhiteTeam "Mar del Plata"]
[BlackTeam "Ajedrez Plus"]
[WhiteTeamCountry "ARG"]
[BlackTeamCountry "ARG"]

1. d4 Nf6 2. Nf3 e6 3. g3 b5 4. Bg2 Bb7 5. 0-0 c5 6. Nbd2 cxd4 7. Nxd4 Bxg2 8. Kxg2 Qb6 9. N2f3 Nc6 10. Qd3 a6 11. e4 Bc5 12. c3 h6 13. h3 0-0 14. g4 d6 15. Ne2 Ne5 16. Nxe5 dxe5 17. Qf3 Nh7 18. h4 f5 19. g5 f4 20. gxh6 Rf6 21. Ng1 Rxh6 22. Qg4 Nf6 23. Qh3 g5 24. Qd3 Rd8 25. Qc2 Rxh4 26. f3 Kg7 27. Nh3 Rdh8 28. Rh1 g4 0-1

[Event "ARG-ch sf"]
[Site "Vicente Lopez"]
[Date "2016.06.27"]
[Round "4"]
[White "Real de Azua, Ernesto"]
[Black "Leal, Jorge Augusto"]
[Result "1-0"]
[WhiteElo "2469"]
[BlackElo "2120"]
[PlyCount "93"]
[EventDate "2016.06.25"]
[EventType "swiss"]
[EventRounds "9"]
[EventCountry "ARG"]
[SourceTitle "CBM 173 Extra"]
[Source "ChessBase"]
[SourceDate "2016.08.29"]
[SourceVersion "1"]
[SourceVersionDate "2016.08.29"]
[SourceQuality "1"]

1. Nf3 d5 2. c4 c6 3. e3 Nf6 4. Nc3 e6 5. b3 Bd6 6. Bb2 Nbd7 7. Qc2 0-0 8. Be2 b6 9. cxd5 cxd5 10. Nb5 Bc5 11. a3 Bb7 12. b4 Be7 13. 0-0 Ne4 14. Rac1 Nd6 15. Nfd4 a6 16. Nxd6 Bxd6 17. f4 Rc8 18. Qb1 Qe7 19. Rxc8 Rxc8 20. Rf3 f5 21. Rf1 Qf7 22. Rc1 Nf6 23. Nf3 Rxc1+ 24. Qxc1 Qc7 25. Qf1 Ne4 26. Bd3 b5 27. Qd1 Be7 28. Kf1 Nd6 29. Qa1 Ne8 30. Be5 Bf6 31. a4 Qb6 32. axb5 axb5 33. Bxf6 gxf6 34. Nd4 Ba6 35. Qc1 Qc7 36. Qe1 Qd6 37. Qg3+ Ng7 38. Bxf5 exf5 39. Qxg7+ Kxg7 40. Nxf5+ Kf7 41. Nxd6+ Ke7 42. Nf5+ Ke6 43. Nd4+ Kf7 44. Kf2 h5 45. Kg3 Kg6 46. Kh4 f5 47. g3 1-0

[Event "ARG-ch U18"]
[Site "Villa Martelli"]
[Date "2016.05.29"]
[Round "5.3"]
[White "Leal, Jorge Augusto"]
[Black "Lagar, Valentin Alejo"]
[Result "1/2-1/2"]
[WhiteElo "2173"]
[BlackElo "2216"]
[PlyCount "68"]
[EventDate "2016.05.28"]
[EventType "swiss"]
[EventRounds "9"]
[EventCountry "ARG"]
[SourceTitle "EXT 2024"]
[Source "ChessBase"]
[SourceDate "2023.10.10"]
[SourceVersion "1"]
[SourceVersionDate "2023.10.10"]
[SourceQuality "1"]

1. d4 d5 2. Nf3 Nf6 3. Bf4 c5 4. e3 Nc6 5. c3 Qb6 6. Na3 c4 7. Qc1 e6 8. Nb1 Qa5 9. Nbd2 b5 10. b4 Qb6 11. Be2 a5 12. a3 Be7 13. 0-0 0-0 14. Qc2 Bb7 15. Bg5 Ra6 16. Ne5 Rfa8 17. Bxf6 Bxf6 18. Nd7 Qd8 19. Nc5 R6a7 20. Rab1 axb4 21. axb4 e5 22. Rb2 Bc8 23. Nf3 exd4 24. Nxd4 Nxd4 25. exd4 g6 26. Qd2 Bg5 27. f4 Bf6 28. Bf3 h5 29. g3 Bh3 30. Bg2 Bf5 31. Re1 Ra1 32. Kf2 R8a7 33. Rxa1 Rxa1 34. Ra2 Rb1 1/2-1/2

[Event "ARG-ch U18"]
[Site "Villa Martelli"]
[Date "2016.05.29"]
[Round "3.4"]
[White "Leal, Jorge Augusto"]
[Black "Villegas, Franco"]
[Result "0-1"]
[WhiteElo "2173"]
[BlackElo "2165"]
[PlyCount "112"]
[EventDate "2016.05.28"]
[EventType "swiss"]
[EventRounds "9"]
[EventCountry "ARG"]
[SourceTitle "EXT 2024"]
[Source "ChessBase"]
[SourceDate "2023.10.10"]
[SourceVersion "1"]
[SourceVersionDate "2023.10.10"]
[SourceQuality "1"]

1. d4 Nf6 2. c4 e6 3. g3 d5 4. Bg2 Bb4+ 5. Bd2 Be7 6. Nc3 0-0 7. Nf3 dxc4 8. Qa4 a6 9. Qxc4 b5 10. Qd3 Bb7 11. a3 c5 12. dxc5 Qxd3 13. exd3 Bxc5 14. Be3 Nbd7 15. 0-0 Rac8 16. h3 Rfd8 17. Rfd1 Bxe3 18. fxe3 Nc5 19. Ne5 Bxg2 20. Kxg2 Nb3 21. Rab1 Nd5 22. Nxd5 Rxd5 23. d4 Rc2+ 24. Kg1 f6 25. Nf3 Rf5 26. Rf1 Re2 27. Rfe1 Rxe1+ 28. Nxe1 Nd2 29. Rc1 Rf1+ 30. Kg2 Rf5 31. Nd3 Nc4 32. Re1 Rd5 33. Re2 a5 34. Nf4 Rd6 35. e4 Rxd4 36. Nxe6 Rd6 37. Nf4 Rd2 38. Rxd2 Nxd2 39. Nd5 Nxe4 40. Kf3 Nd2+ 41. Ke3 Nc4+ 42. Kd4 Nxb2 43. Kc5 b4 44. axb4 Nd3+ 45. Kb5 axb4 46. Kc4 Nf2 47. Kxb4 Nxh3 48. Kc4 Kf7 49. Kd4 Ke6 50. Ne3 Nf2 51. Nc4 Nh1 52. g4 Nf2 53. Ne3 g6 54. Kc3 Ke5 55. Kd2 Kf4 56. Nd5+ Kg5 0-1

[Event "ARG-ch sf U18"]
[Site "Villaguay"]
[Date "2016.02.23"]
[Round "1"]
[White "Castrignano, Nahuel"]
[Black "Leal, Jorge Augusto"]
[Result "0-1"]
[WhiteElo "1616"]
[BlackElo "2097"]
[PlyCount "62"]
[EventDate "2016.02.23"]
[EventType "swiss"]
[EventRounds "8"]
[EventCountry "ARG"]
[SourceTitle "EXT 2017"]
[Source "ChessBase"]
[SourceDate "2016.10.25"]
[SourceVersion "1"]
[SourceVersionDate "2016.10.25"]
[SourceQuality "1"]

1. c4 Nf6 2. Nc3 g6 3. d4 Bg7 4. Nf3 d5 5. Bf4 0-0 6. e3 c6 7. cxd5 cxd5 8. Bd3 Nc6 9. a3 Nh5 10. Bg3 Bg4 11. 0-0 Nxg3 12. hxg3 e6 13. Rc1 Qe7 14. Qb3 h5 15. Nh2 Bh6 16. Na4 Rac8 17. Nxg4 hxg4 18. Be2 Nxd4 19. Qd3 Nxe2+ 20. Qxe2 Rxc1 21. Rxc1 d4 22. Qxg4 dxe3 23. f4 Qd7 24. Qd1 Rd8 25. Qxd7 Rxd7 26. Re1 Bg7 27. Kf1 Rd4 28. Nc3 Rd3 29. Nd1 Bd4 30. b4 e2+ 31. Kxe2 Rxg3 0-1

[Event "ARG-ch U18"]
[Site "Cenard"]
[Date "2015.04.29"]
[Round "1"]
[White "Villca, Julian"]
[Black "Leal, Jorge Augusto"]
[Result "1-0"]
[WhiteElo "2020"]
[BlackElo "2049"]
[PlyCount "93"]
[EventDate "2015.04.29"]
[EventType "tourn"]
[EventRounds "9"]
[EventCountry "ARG"]
[SourceTitle "CBM 166 Extra"]
[Source "ChessBase"]
[SourceDate "2015.06.18"]
[SourceVersion "1"]
[SourceVersionDate "2015.06.18"]
[SourceQuality "1"]

1. c4 Nf6 2. Nc3 d5 3. d4 c6 4. Nf3 e6 5. e3 Bd6 6. Bd3 0-0 7. 0-0 Nbd7 8. e4 dxc4 9. Bxc4 e5 10. Bg5 exd4 11. Nxd4 Ne5 12. Be2 Bc5 13. Nf3 Qe7 14. Qd2 Rd8 15. Qf4 Ng6 16. Qc1 h6 17. Be3 Bb4 18. Nd2 Bxc3 19. Qxc3 Nxe4 20. Nxe4 Qxe4 21. Rad1 Bf5 22. Bf3 Qe7 23. Bd4 f6 24. g3 Ne5 25. Bg2 Qc7 26. Rfe1 Re8 27. h3 Bh7 28. f4 Nf7 29. Bxa7 Rxe1+ 30. Rxe1 Nd6 31. Bc5 Kh8 32. Kh2 Bg8 33. a3 Rc8 34. Qb4 Nf5 35. Qe4 Bh7 36. Qb4 b5 37. Re6 Bg8 38. Rxc6 Qd7 39. Qxb5 Rxc6 40. Qxc6 Qd3 41. Qf3 Qc2 42. b4 Bc4 43. Qa8+ Kh7 44. Qe4 Bd3 45. Qf3 Bb5 46. g4 Be2 47. Qd5 1-0

[Event "ARG-ch U18 sf"]
[Site "Buenos Aires"]
[Date "2015.04.02"]
[Round "2.6"]
[White "Leal, Jorge Augusto"]
[Black "Mizzau, Pablo"]
[Result "1-0"]
[WhiteElo "2063"]
[BlackElo "1702"]
[PlyCount "161"]
[EventDate "2015.04.02"]
[EventType "swiss"]
[EventRounds "8"]
[EventCountry "ARG"]
[SourceTitle "EXT 2024"]
[Source "ChessBase"]
[SourceDate "2023.10.10"]
[SourceVersion "1"]
[SourceVersionDate "2023.10.10"]
[SourceQuality "1"]

1. d4 d5 2. Nf3 Nf6 3. Bf4 Bf5 4. c3 e6 5. Nbd2 c5 6. e3 cxd4 7. exd4 Qb6 8. Bxb8 Rxb8 9. Qa4+ Ke7 10. Be2 h6 11. 0-0 g5 12. Ne5 Bg7 13. Qa3+ Ke8 14. c4 Nd7 15. Nxd7 Kxd7 16. cxd5 exd5 17. Rfe1 Rbc8 18. Bf1 Be6 19. Nb3 Bf8 20. Qa4+ Kd8 21. Rac1 Rxc1 22. Rxc1 Bd7 23. Qa5 Qxa5 24. Nxa5 Bc8 25. Be2 Bb4 26. Nb3 b6 27. Na1 Re8 28. Bh5 Re7 29. Bf3 Bb7 30. a3 Bd6 31. Nb3 f5 32. h3 Bf4 33. Rd1 Rc7 34. g3 Bd6 35. Rc1 Be7 36. Rxc7 Kxc7 37. Kf1 a5 38. Ke2 Kc6 39. Ke3 Bf6 40. Be2 Bc8 41. Bd3 Bd7 42. Nd2 Kd6 43. f4 g4 44. h4 Kc6 45. Nb3 a4 46. Nc1 Be7 47. Kd2 b5 48. Kc3 Bf6 49. Bc2 Be7 50. Nd3 Bd6 51. Nf2 h5 52. Nd1 Be6 53. Ne3 Kd7 54. Nxf5 Bxf5 55. Bxf5+ Ke7 56. Kd2 Kf6 57. Bd7 b4 58. Bxa4 bxa3 59. bxa3 Bxa3 60. Be8 Bb4+ 61. Ke2 Bc3 62. Bxh5 Bxd4 63. Bxg4 Bc5 64. Bc8 Kg6 65. g4 Be7 66. h5+ Kh6 67. Be6 Bd6 68. Kf3 d4 69. Bf7 Be7 70. Ke4 Bf6 71. Bg6 Be7 72. Kxd4 Bd6 73. Ke4 Be7 74. Kf5 Kg7 75. g5 Bf8 76. Be8 Be7 77. Ke6 Bd8 78. h6+ Kf8 79. Bh5 Bc7 80. g6 Kg8 81. g7 1-0

[Event "Villa Martelli op-B 21st"]
[Site "Villa Martelli"]
[Date "2014.11.11"]
[Round "5"]
[White "Leal, Jorge Augusto"]
[Black "Fiori, Hector Dionisio"]
[Result "0-1"]
[WhiteElo "2026"]
[BlackElo "2055"]
[PlyCount "124"]
[EventDate "2014.11.07"]
[EventType "swiss"]
[EventRounds "9"]
[EventCountry "ARG"]
[SourceTitle "CBM 163 Extra"]
[Source "ChessBase"]
[SourceDate "2014.12.23"]
[SourceVersion "1"]
[SourceVersionDate "2014.12.23"]
[SourceQuality "1"]

1. d4 Nf6 2. Nf3 d5 3. Bf4 c5 4. e3 Nc6 5. Nc3 a6 6. Be2 Bg4 7. Ne5 Bxe2 8. Nxe2 e6 9. h3 Rc8 10. 0-0 Be7 11. Rc1 0-0 12. dxc5 Bxc5 13. c4 Nxe5 14. Bxe5 dxc4 15. Rxc4 b5 16. Rc2 Nd5 17. e4 Nb4 18. Rxc5 Qxd1 19. Rxd1 Rxc5 20. Bd6 Rd8 21. Rd4 Rc6 22. e5 Nd5 23. a4 Rc2 24. Nc3 Nxc3 25. bxc3 Rxc3 26. axb5 axb5 27. Rb4 Ra8 28. Rxb5 h5 29. Rb2 Kh7 30. Kh2 h4 31. Rb7 Kg6 32. Rb4 Kh5 33. Rb7 Kg6 34. Rb4 f5 35. Rxh4 Ra2 36. Rf4 Rcc2 37. Kg1 Ra1+ 38. Kh2 Rf1 39. Kg3 Rc3+ 40. Kh2 Kh5 41. h4 Rc2 42. Kg3 Re2 43. Bc5 Rxe5 44. Bd4 Rd5 45. Bxg7 Kg6 46. Bf8 Rd3+ 47. f3 Rd2 48. Bc5 Rc2 49. Ba7 Ra1 50. Bb8 Raa2 51. Rb4 Rxg2+ 52. Kf4 Rgb2 53. Rxb2 Rxb2 54. Be5 Rb4+ 55. Kg3 Kh5 56. Bf6 Rc4 57. f4 Rb4 58. Bg5 Rb3+ 59. Kf2 Kg4 60. Ke2 Rh3 61. Kf2 Rf3+ 62. Ke2 Rxf4 0-1

[Event "South America-ch U16 11th"]
[Site "Montevideo"]
[Date "2014.09.14"]
[Round "9"]
[White "Leal, Jorge Augusto"]
[Black "Castillo Rivera, Carlos Alberto"]
[Result "1-0"]
[WhiteElo "2003"]
[BlackElo "1860"]
[PlyCount "45"]
[EventDate "2014.09.08"]
[EventType "swiss"]
[EventRounds "9"]
[EventCountry "URU"]
[SourceTitle "EXT 2016"]
[Source "ChessBase"]
[SourceDate "2015.10.08"]
[SourceVersion "1"]
[SourceVersionDate "2015.10.08"]
[SourceQuality "1"]

1. d4 Nf6 2. Nf3 g6 3. g3 Bg7 4. Bg2 0-0 5. 0-0 d6 6. c4 Nc6 7. Nc3 Bg4 8. h3 Bxf3 9. Bxf3 Nd7 10. e3 e5 11. d5 Ne7 12. Rb1 f5 13. e4 a5 14. a3 Nf6 15. b4 b6 16. c5 axb4 17. axb4 bxc5 18. bxc5 fxe4 19. Nxe4 Nxe4 20. Bxe4 Qd7 21. Bg2 dxc5 22. d6 cxd6 23. Rb7 1-0